000 00651nam a22002057i 4500
999 _c23667
_d23667
003 AR-CdUCM
008 260430b20022002 pe||||| |||| 00| 0 spa d
020 _a978-84-19744-37-1
040 _aMUNICIPALIDAD PROVINCIAL DEL CUSCO
_cBIBLIOTECA MUNICIPAL DEL CUSCO
041 _hspa
082 _a858.9
_bC23B
100 _aCalvino, Italo
_99339
245 _aEl barón rampante /
260 _aMadrid-España:
_bEdiciones Siruela S.A.
_c2002
300 _a331 páginas. :
_c21.5x14 cm.
505 _aActividades tras la lectura -- Ítalo Calvino -- Lucia Sainz Benites
856 _fwww.cedro.org
942 _2ddc
_cLIBROS
945 _apbjr
_d30-04-2026